000
00243nam a2200097Ia 4500
082
_a
EJF FRIE
245
0
_a
Boobela and Worm
100
_a
Friedman, Joe London, 2009
_9
73616
942
_c
BK
008
210817s9999 xx 000 0 und d
999
_c
241303
_d
241302